V reformě jde o demokracii.

Názor, že výsledky ekonomickej reformy nie sú uspokojivé, že oficiálne kritériá monetárnej politiky ukazujúce na úspešný priebeh reformy sa dosiahli za cenu prežívania neefektívnej štruktúry, nízkej kvality produkcie, vysokej nákladovosti a nízkej produktivity práce, poklesu výroby, núdze v oblasti...

Descrizione completa

Salvato in:
Dettagli Bibliografici
Autore principale: Šíba, V.
Natura: Capitolo di libro
Lingua:ceco
Soggetti:
Tags: Aggiungi Tag
Nessun Tag, puoi essere il primo ad aggiungerne!!

MARC

LEADER 00000naa a2200000 4500
001 r007784
005 20220831084736.8
041 0 |a cze 
044 |a [CS] 
245 1 0 |a V reformě jde o demokracii.  |c V. Šíba 
520 |a Názor, že výsledky ekonomickej reformy nie sú uspokojivé, že oficiálne kritériá monetárnej politiky ukazujúce na úspešný priebeh reformy sa dosiahli za cenu prežívania neefektívnej štruktúry, nízkej kvality produkcie, vysokej nákladovosti a nízkej produktivity práce, poklesu výroby, núdze v oblasti verejnej spotreby. Analýza hlavných chýb v réžii reformy a hlavných problémov čs. ekonomickej reformy. Demokracia ako jediná cesta k úspechu. 
610 2 0 |a reformy hospodárske 
610 2 0 |a ČSFR 
610 2 0 |a demokracia 
610 2 0 |a kvalita výrobkov 
610 2 0 |a nákladovosť produkcie 
610 2 0 |a produktivita práce 
100 1 |a Šíba, V.